000 00541nam a22001697a 4500
005 20251108172244.0
008 250721s1986 xx 000 0 ara d
082 1 4 _a332.12/علم
100 1 _aالعلمي، مهدي فكري
245 1 0 _aالعلاقات العامة في البنوك التجارية :
_bدراسة تطبيقية عن الأردن /
264 1 _aعمان :
_bالمؤلف،
_c1986.
300 _a61ص
650 1 7 _aالبنوك التجارية
650 1 7 _aالأردن
942 _2ddc
_cBK
999 _c74368
_d74368